| 000 | 00000nas##2200000za#4500 |
| 001 | 9.511148 |
| 003 | CaOODSP |
| 005 | 20200325112022 |
| 007 | ta |
| 008 | 150406c2005||||xxc|| p #||||f| |0eng|d |
| 022 | |a1711-1870 |
| 040 | |aCaOODSP|beng |
| 041 | |aeng |
| 041 | |afre |
| 043 | |an-cn--- |
| 086 | 1 |aCH2-3 |
| 110 | 1 |aCanada.|bCanadian Heritage. |bMulticulturalism. |
| 245 | 10|aCanadian diversity / |c[issued by] the Association for Canadian Studies. |
| 260 | |aOttawa - Ontario : |bCanadian Heritage. |
| 310 | |aQuarterly |
| 362 | 1 |aVol. 1, No. 1, Summer 2002-- |
| 500 | |a"Canadian Diversity is a bilingual publication. All materials prepared by the ACS is published in both French and English. All other texts are published in their language of origin."--Page [2]. |
| 500 | |aFor information on publications, please contact: Marie-Pascale Desjardins, Director of Publications and New Projects, 514-925-3099, mp.desjardins@acs-aec.ca |
| 520 | 3 |aContains articles that examine citizenship, ethnicity, national identity, and other issues related to diversity, mostly within a Canadian context. Most contributors are academics from across Canada. Often includes interviews with Canadian politicians responsible for diversity issues. |
| 546 | |aBilingual (articles published in their original language). |
| 563 | |aSoftcover |
| 690 | 07|aPolicy|2gcpds |
| 690 | 07|aMulticulturalism|2gcpds |
| 776 | 0#|tCanadian diversity = |w(CaOODSP)9.500576 |
| 792 | |tDiversité canadienne / |efre|w(CaOODSP)9.511149 |